00353nam a2200145Ia 450000500170000000800410001702000150005808200130007310000190008624500220010525000100012726000360013730000110017365000230018420240604000802.0240331s9999 xx 000 0 und d a8185107475 bKALa362 aKali for women 0aDomestic violence a1 st  aNew DelhibKali for Womenc1992 a75 p., aDomestic Violence